000 00536nam a2200181Ia 4500
001 10853
005 20260306161903.0
008 260306t2012||||xx |||||||||||||| ||spa||
041 _aESP
082 _a974.98
_bM33
100 _aMazzeo de Vivó, Cristina Ana
_eAUT
245 0 _aGremios mercantiles en las guerras de indepedencia. Perú y México en la transición de la Colonia a la República, 1740 - 1840
260 _c2012
300 _a330 páginas :
_c20 cm.
650 _aGEN
654 _aCHU
942 _cLIB
_dJUS
_fJUS
_2ddc
_n
999 _c10853
_d10853